[Event "Tournoi Skype 013B"]
[Site "Skype"]
[Date "????.??.??"]
[Round "5.3"]
[White "Mantelli, Luca"]
[Black "Maneval, Dustin"]
[Result "0-1"]
[WhiteElo "1399"]
[BlackElo "1436"]
[PlyCount "54"]

1. e4 d6 2. d4 f5 3. Bd3 fxe4 4. Bxe4 Nf6 5. Bd3 Nc6 6. Nf3 Bg4 7. Be3 Qd7 8.
Nc3 e5 9. d5 Nb4 10. Be2 Be7 11. a3 e4 12. axb4 exf3 13. Bxf3 O-O 14. h3 Bf5
15. O-O a6 16. Qd2 Qc8 17. b5 axb5 18. Nxb5 Rxa1 19. Rxa1 Ne4 20. Bxe4 Bxe4 21.
Nc3 Bg6 22. Re1 Qf5 23. Rc1 Bf6 24. b3 Qe5 25. Nb5 Rc8 26. Qa5 Qxd5 27. Nxc7
Qxa5 0-1

[Event "Tournoi Skype 013B"]
[Site "Skype"]
[Date "????.??.??"]
[Round "5.4"]
[White "Talbot, Jacques"]
[Black "Raheja, Shiv"]
[Result "1-0"]
[WhiteElo "1436"]
[BlackElo "1395"]
[PlyCount "63"]

1. e4 e5 2. Nf3 Nc6 3. d4 d6 4. dxe5 Nxe5 5. Nxe5 dxe5 6. Qxd8+ Kxd8 7. Bc4 Bc5
8. Bxf7 Nf6 9. Nc3 Rf8 10. Bg5 Rxf7 11. O-O-O+ Bd7 12. f3 h6 13. Bh4 Ke8 14.
Nb5 c6 15. Nc7+ Kf8 16. Nxa8 Be6 17. Nc7 Bxa2 18. Rd8+ Ke7 19. Re8+ Kd7 20.
Bxf6 gxf6 21. Rg8 Kxc7 22. b3 Bd4 23. Rd1 a5 24. Rxd4 exd4 25. Kb2 Bxb3 26.
Kxb3 Rd7 27. Rg6 f5 28. exf5 Re7 29. f6 Re3+ 30. Kc4 d3 31. cxd3 Rxd3 32. Kxd3
1-0

[Event "Tournoi Skype 013B"]
[Site "Skype"]
[Date "????.??.??"]
[Round "5.5"]
[White "Perrone, Gabriel Lorenzo"]
[Black "Gerbaux, Regis"]
[Result "1-0"]
[WhiteElo "1399"]
[BlackElo "1421"]
[PlyCount "59"]

1. d4 d5 2. c4 e6 3. a3 Nf6 4. Nc3 Be7 5. Nf3 Nbd7 6. e3 O-O 7. Bd3 c5 8. O-O
h6 9. Re1 a6 10. e4 dxe4 11. Nxe4 cxd4 12. Nxd4 Ne5 13. Be3 Nxe4 14. Bxe4 Nxc4
15. Qc2 Nxe3 16. fxe3 Bg5 17. Rad1 Qb6 18. Kh1 Bd7 19. Nf3 Rac8 20. Qe2 Bb5 21.
Bd3 Rfd8 22. Nxg5 Bxd3 23. Rxd3 Rxd3 24. Qxd3 hxg5 25. Rd1 f5 26. e4 g4 27.
exf5 exf5 28. Qd5+ Kh8 29. Qxf5 Qd4 30. Qxc8+ 1-0

[Event "Tournoi Skype 013B"]
[Site "Skype"]
[Date "????.??.??"]
[Round "5.6"]
[White "Cossalter, Maurizio"]
[Black "Hargez, Dany"]
[Result "1-0"]
[WhiteElo "1382"]
[BlackElo "1418"]
[PlyCount "41"]

1. Nf3 d5 2. d4 Nf6 3. c4 e6 4. e3 Nc6 5. Bd3 Bb4+ 6. Nc3 Ne4 7. Qc2 e5 8. Bxe4
dxe4 9. Qxe4 O-O 10. O-O exd4 11. Nxd4 Re8 12. Nxc6 bxc6 13. Qxc6 Bf5 14. Qf3
Qd3 15. Rd1 Be4 16. Nxe4 Qxe4 17. Qe2 Re6 18. b3 Rg6 19. f3 Qh4 20. Kh1 Qh3 21.
gxh3 1-0

[Event "Tournoi Skype 013B"]
[Site "Skype"]
[Date "????.??.??"]
[Round "5.7"]
[White "Ali, Mohammad"]
[Black "Karia, Kirti"]
[Result "1-0"]
[WhiteElo "1399"]
[BlackElo "1399"]
[PlyCount "37"]

1. e4 e5 2. Bc4 Nf6 3. Nf3 d5 4. exd5 Nxd5 5. O-O Bg4 6. Nc3 Nxc3 7. dxc3 Bd6
8. Bxf7+ Kxf7 9. Ng5+ Ke8 10. Qxg4 Nc6 11. Re1 Qf6 12. Ne6 Rc8 13. Qxg7 Qxe6
14. Qxh8+ Kd7 15. Qxh7+ Ne7 16. Bg5 e4 17. Bxe7 Bxe7 18. Rxe4 Qd6 19. Rd4 1-0

[Event "Tournoi Skype 013B"]
[Site "Skype"]
[Date "????.??.??"]
[Round "5.8"]
[White "Hernandez, George"]
[Black "Gharbi, Said"]
[Result "1-0"]
[WhiteElo "1399"]
[BlackElo "1322"]
[PlyCount "41"]

1. e4 c5 2. Nf3 Nc6 3. d4 cxd4 4. Nxd4 Nxd4 5. Qxd4 e6 6. Nc3 b6 7. Bf4 Bb7 8.
Nb5 d5 9. Nc7+ Ke7 10. exd5 Bxd5 11. O-O-O Nf6 12. Qb4+ Kd7 13. Bb5+ Kc8 14.
Qc3 Qe7 15. Nxe6+ Kb7 16. Nxf8 Rc8 17. Ba6+ Kxa6 18. Qxc8+ Bb7 19. Qc4+ b5 20.
Qc3 Qxf8 21. Rd6+ 1-0

[Event "Tournoi Skype 013B"]
[Site "Skype"]
[Date "????.??.??"]
[Round "5.9"]
[White "Coruble, Didier"]
[Black "Gieschen, Mike"]
[Result "0-1"]
[WhiteElo "1355"]
[BlackElo "1466"]
[PlyCount "76"]

1. Nf3 Nf6 2. b3 e6 3. Bb2 d5 4. d3 c5 5. Nbd2 Bd6 6. g3 O-O 7. Bg2 b6 8. O-O
Bb7 9. c4 d4 10. e4 e5 11. a4 Ng4 12. h3 Nh6 13. Nh2 f5 14. f3 fxe4 15. fxe4
Nd7 16. Ndf3 Qe7 17. Bc1 Rf6 18. Bg5 Raf8 19. Bxf6 Rxf6 20. Ra2 g5 21. Raf2 Nf7
22. Ng4 Rg6 23. Nxg5 Nxg5 24. Rf8+ Nxf8 25. h4 Nf7 26. Bh3 h5 27. Nf2 Rxg3+ 28.
Kh2 Qxh4 29. Rg1 Rxg1 30. Qxg1+ Ng5 31. Kh1 Bc8 32. Qg2 Ng6 33. Kg1 Bxh3 34.
Nxh3 Nxh3+ 35. Kf1 Nhf4 36. Qg1 Qh3+ 37. Ke1 Qxd3 38. Qg5 Qe2# 0-1

[Event "Tournoi Skype 013B"]
[Site "Skype"]
[Date "????.??.??"]
[Round "5.10"]
[White "Kruzeniski, Randy"]
[Black "Porcabeuf, Jean-Marc"]
[Result "1-0"]
[WhiteElo "1437"]
[BlackElo "1332"]
[PlyCount "55"]

1. e4 e6 2. Nf3 d5 3. d3 c5 4. Nbd2 Ne7 5. g3 Ng6 6. Bg2 Bd6 7. O-O O-O 8. Re1
Nd7 9. b3 Nde5 10. Bb2 d4 11. Nxe5 Bxe5 12. f4 Bxf4 13. gxf4 Nxf4 14. Qf3 e5
15. Nf1 Bh3 16. Bxh3 Nxh3+ 17. Qxh3 f5 18. exf5 Rxf5 19. Qxf5 Qh4 20. Re4 Qh6
21. Rae1 Rf8 22. Qg4 Qf6 23. Rxe5 Qf2+ 24. Kh1 h6 25. R5e2 Qf6 26. Bc1 Qc6+ 27.
Rg2 Rf6 28. Qxg7# 1-0

[Event "Tournoi Skype 013B"]
[Site "Skype"]
[Date "????.??.??"]
[Round "5.12"]
[White "Khatanhar, Mohit"]
[Black "Capdeville, Jean"]
[Result "1-0"]
[WhiteElo "1392"]
[BlackElo "1384"]
[PlyCount "77"]

1. e4 e5 2. Nf3 d6 3. Bb5+ c6 4. Be2 Nd7 5. d3 h6 6. h3 Be7 7. Be3 Ngf6 8. Nbd2
O-O 9. O-O b5 10. Nh2 a5 11. f4 Bb7 12. f5 c5 13. Qe1 a4 14. Qg3 Re8 15. Bxh6
Bf8 16. Rf3 b4 17. Raf1 Bc6 18. R3f2 Bb5 19. Ndf3 b3 20. axb3 axb3 21. cxb3 Ra2
22. Rb1 Qa5 23. Bg5 Ra1 24. Rbf1 Ra8 25. Ng4 Rxf1+ 26. Rxf1 Qa2 27. Nxf6+ Nxf6
28. Bxf6 Qxb2 29. Rf2 Ra1+ 30. Bf1 Qxb3 31. Kh2 Bxd3 32. Bxd3 Qxd3 33. Rd2 Qf1
34. Qg4 c4 35. Rxd6 c3 36. Bxg7 Bxg7 37. f6 c2 38. Rd8+ Kh7 39. Qxg7# 1-0

[Event "Tournoi Skype 013B"]
[Site "Skype"]
[Date "????.??.??"]
[Round "5.13"]
[White "Ouellet, Emile"]
[Black "Ramirez Reina, Orlando"]
[Result "0-1"]
[WhiteElo "1314"]
[BlackElo "1475"]
[PlyCount "116"]

1. e4 d6 2. d4 Nf6 3. Nc3 g6 4. Nf3 Bg7 5. Bc4 O-O 6. O-O Nxe4 7. Nxe4 d5 8.
Bd3 dxe4 9. Bxe4 c6 10. c3 Bg4 11. h3 Bxf3 12. Qxf3 Nd7 13. Bg5 Nf6 14. Bxf6
Bxf6 15. Rae1 Qb6 16. b3 Kg7 17. b4 e6 18. a3 Qa6 19. Ra1 Qb6 20. Rfd1 Rfd8 21.
Ra2 Rd7 22. Rad2 Rad8 23. Rd3 Qa6 24. c4 Qb6 25. c5 Qc7 26. g3 Bxd4 27. g4 Be5
28. Rxd7 Rxd7 29. Rxd7 Qxd7 30. Kg2 f5 31. gxf5 exf5 32. Qd3 Qxd3 33. Bxd3 Bb2
34. a4 Ba3 35. b5 Bxc5 36. bxc6 bxc6 37. a5 Bd4 38. f3 Kf6 39. h4 h5 40. Kg3
Bc3 41. a6 Be1+ 42. Kf4 Bxh4 43. Bc2 g5+ 44. Ke3 Bg3 45. Bd3 h4 46. Bf1 Ke5 47.
Kd3 g4 48. fxg4 fxg4 49. Bg2 h3 50. Bxc6 Bf2 51. Ke2 Bb6 52. Kf1 Kf4 53. Bh1
Kg3 54. Ke2 Kh2 55. Be4 Kg1 56. Bf5 h2 57. Bxg4 h1=Q 58. Bf3 Qh2+ 0-1

[Event "Tournoi Skype 013B"]
[Site "Skype"]
[Date "????.??.??"]
[Round "5.14"]
[White "Yeter, Orhan"]
[Black "Ryan, Lea"]
[Result "1-0"]
[WhiteElo "1343"]
[BlackElo "1438"]
[PlyCount "87"]

1. d4 d5 2. Nf3 Nf6 3. c4 c6 4. Nc3 Bf5 5. Qb3 b6 6. e3 e6 7. Nh4 Be7 8. Nxf5
exf5 9. Bd3 g6 10. cxd5 Nxd5 11. Bc4 O-O 12. Nxd5 cxd5 13. Bxd5 Nd7 14. Bxa8
Qxa8 15. O-O Rc8 16. Qa4 Nf6 17. f3 Bd6 18. Bd2 Qb8 19. g3 h5 20. Be1 Kh7 21.
Kg2 Rg8 22. Rh1 g5 23. Qd1 g4 24. fxg4 Nxg4 25. Qf3 Qc8 26. h3 Qc2+ 27. Kg1
Qxb2 28. Qxf5+ Rg6 29. Qxf7+ Rg7 30. Qxh5+ Kg8 31. Qd5+ Kf8 32. Qxd6+ Kf7 33.
Qc7+ Kf6 34. Qc6+ Kf5 35. hxg4+ Rxg4 36. Rh5+ Rg5 37. e4+ Kg4 38. Qc8+ Kxh5 39.
Qh8+ Kg4 40. Qh4+ Kf3 41. Qf4+ Ke2 42. Qf2+ Kd3 43. Qxb2 Rxg3+ 44. Bxg3 1-0

[Event "Tournoi Skype 013B"]
[Site "Skype"]
[Date "????.??.??"]
[Round "5.15"]
[White "Vello, Pablo"]
[Black "Bustos, Ricardo"]
[Result "1-0"]
[WhiteElo "1279"]
[BlackElo "1399"]
[PlyCount "73"]

1. c4 Nf6 2. d4 e5 3. dxe5 Ng4 4. h3 Nxe5 5. e4 b6 6. Bf4 Ng6 7. Be3 Bb7 8. Nc3
Bb4 9. Qc2 c5 10. Nf3 d6 11. Bd3 Ba5 12. O-O O-O 13. Qd2 a6 14. Bh6 gxh6 15.
Qxh6 Qf6 16. Ng5 Qg7 17. Qh5 Nc6 18. Qg4 Nce5 19. Qg3 Nxd3 20. Qxd3 Ne5 21. Qg3
h6 22. Nf3 Qxg3 23. fxg3 Nxf3+ 24. Rxf3 Kh7 25. Nd5 Bxd5 26. exd5 b5 27. cxb5
axb5 28. Kf2 Rae8 29. Re3 Rxe3 30. Kxe3 Re8+ 31. Kf2 Re5 32. Rd1 Bb6 33. Kf3
Kg6 34. g4 f5 35. Kf4 Re4+ 36. Kf3 fxg4+ 37. Kxe4 1-0

[Event "Tournoi Skype 013B"]
[Site "Skype"]
[Date "????.??.??"]
[Round "5.16"]
[White "Douichi, Mohammed"]
[Black "Prasad, Sanjay"]
[Result "1-0"]
[WhiteElo "1399"]
[BlackElo "1312"]
[PlyCount "75"]

1. e4 c5 2. d3 e5 3. Qh5 d6 4. Nf3 Nc6 5. Ng5 Nh6 6. Na3 Be7 7. Bd2 a6 8. O-O-O
b5 9. f4 exf4 10. Bxf4 O-O 11. Nf3 Bg4 12. Qd5 Nb4 13. Qb7 Nxa2+ 14. Kb1 Nb4
15. e5 Rb8 16. Qe4 dxe5 17. Bxe5 Bf5 18. Qe3 Ng4 19. Qf4 Nxe5 20. Nxe5 Be6 21.
Be2 Qc7 22. Rhf1 c4 23. dxc4 bxc4 24. Naxc4 Bf6 25. Rf3 Bxc4 26. Nxc4 Qb7 27.
b3 h6 28. Rg3 Bg5 29. Qf5 Nc6 30. h4 Bxh4 31. Rg4 Nb4 32. Bd3 Nxd3 33. Rxd3 Bg5
34. Rd7 Qb5 35. Rd5 Qe8 36. Rd1 Rb5 37. Qd3 a5 38. Nd6 1-0

[Event "Tournoi Skype 013B"]
[Site "Skype"]
[Date "????.??.??"]
[Round "5.17"]
[White "Cengiz, Cem"]
[Black "Kayali, Furkan"]
[Result "0-1"]
[WhiteElo "1242"]
[BlackElo "1399"]
[PlyCount "86"]

1. e4 e5 2. Nf3 Nc6 3. Nc3 Bc5 4. Bc4 d6 5. d3 Nf6 6. Ng5 Bg4 7. f3 Bh5 8. Qe2
Nd4 9. Qd1 Qe7 10. Be3 Nxc2+ 11. Qxc2 Bxe3 12. h4 Nd7 13. Qb3 Bxg5 14. hxg5
Qxg5 15. Qxb7 Rb8 16. Qd5 Qe3+ 17. Kd1 Bg6 18. Re1 Qf2 19. Qa5 Qxb2 20. Rb1
Qxg2 21. Rxb8+ Nxb8 22. Qxc7 Qxf3+ 23. Ne2 O-O 24. Qxd6 Qe3 25. Qxe5 Nc6 26.
Qc7 Rd8 27. Qxc6 Bxe4 28. Qa6 Bxd3 29. Bxd3 Rxd3+ 30. Qxd3 Qxd3+ 31. Kc1 Qa3+
32. Kb1 Qb4+ 33. Kc1 Qxe1+ 34. Kc2 Qxe2+ 35. Kc3 h5 36. a4 h4 37. a5 h3 38. a6
h2 39. Kd4 h1=Q 40. Kc5 Qhh5+ 41. Kd6 Qe6+ 42. Kc7 Qc5+ 43. Kb7 Qec8# 0-1

[Event "Tournoi Skype 013B"]
[Site "Skype"]
[Date "????.??.??"]
[Round "5.18"]
[White "Milanese, Serge"]
[Black "Vervoort, Jean-Louis"]
[Result "1-0"]
[WhiteElo "1396"]
[BlackElo "1262"]
[PlyCount "47"]

1. e4 e5 2. Nf3 d6 3. Nc3 c5 4. Bc4 h6 5. d3 Nf6 6. h3 Nc6 7. O-O Be7 8. Nd5
O-O 9. Nxf6+ Bxf6 10. c3 Re8 11. Be3 Be6 12. Bxe6 Rxe6 13. d4 Qe7 14. d5 Rd8
15. dxe6 fxe6 16. c4 b6 17. Qd2 Qc7 18. Bxh6 gxh6 19. Qxh6 Bg7 20. Qxe6+ Kf8
21. Ng5 Bh8 22. Qf5+ Ke8 23. Qg6+ Kd7 24. Qe6# 1-0

[Event "Tournoi Skype 013B"]
[Site "Skype"]
[Date "????.??.??"]
[Round "5.19"]
[White "Farthouat, Titoine"]
[Black "Martin, Jean-Claude"]
[Result "1/2-1/2"]
[WhiteElo "1211"]
[BlackElo "1375"]
[PlyCount "140"]

1. e4 e5 2. Nf3 Nc6 3. Bb5 a6 4. Bxc6 dxc6 5. Nc3 Bd6 6. h3 Nf6 7. O-O h6 8. d3
Be6 9. Re1 Qd7 10. b3 O-O-O 11. a4 g5 12. Ba3 g4 13. hxg4 Bxg4 14. b4 Rhg8 15.
b5 Bxa3 16. Rxa3 cxb5 17. axb5 Qd6 18. Qd2 Qxa3 19. Nxe5 Bh3 20. g3 Qe7 21. Qf4
Nh5 22. Nd5 Qg5 23. Qxg5 hxg5 24. Ne7+ Kb8 25. Nxg8 Rxg8 26. Ra1 f6 27. Nc4
axb5 28. Ne3 Be6 29. d4 Nf4 30. d5 Bd7 31. f3 b4 32. Rb1 Ne2+ 33. Kf2 Nd4 34.
Rxb4 c5 35. Rb6 Rf8 36. c3 Nb5 37. Nc4 Kc7 38. d6+ Nxd6 39. Rxd6 b5 40. Rd5
bxc4 41. Rxc5+ Kb6 42. Rxc4 Rc8 43. Rb4+ Kc5 44. Ke3 Bb5 45. f4 gxf4+ 46. Kxf4
Rd8 47. Rb3 Rd3 48. g4 Kc4 49. Rb2 Rxc3 50. g5 fxg5+ 51. Kxg5 Rg3+ 52. Kf4 Rg8
53. e5 Rf8+ 54. Kg5 Be8 55. Rb8 Kd4 56. e6 Ke5 57. e7 Rg8+ 58. Kh6 Kf6 59. Kh7
Rg7+ 60. Kh8 Kf7 61. Rb7 Rg8+ 62. Kh7 Rg7+ 63. Kh8 Rg6 64. Kh7 Re6 65. Rb4 Kxe7
66. Rb7+ Kf8 67. Rb2 Bg6+ 68. Kh6 Bf5+ 69. Kh5 Kf7 70. Rb7+ Re7 1/2-1/2

[Event "Tournoi Skype 013B"]
[Site "Skype"]
[Date "????.??.??"]
[Round "5.20"]
[White "Sauvaget, Joel"]
[Black "Amato, Ludovica"]
[Result "1-0"]
[WhiteElo "1344"]
[BlackElo "1199"]
[PlyCount "49"]

1. e4 d6 2. d4 Nf6 3. Nc3 g6 4. Nf3 Bg7 5. Bc4 O-O 6. O-O Nbd7 7. Bg5 h6 8. Bh4
g5 9. Bg3 Re8 10. h3 e5 11. d5 Qe7 12. Re1 Rb8 13. Nh2 Nb6 14. Bb5 Bd7 15. Bxd7
Nbxd7 16. h4 Rbd8 17. Nf1 Nc5 18. f3 Qd7 19. Ne3 gxh4 20. Bxh4 Re7 21. Nf5 Ree8
22. Qd2 h5 23. Bxf6 Bxf6 24. Qh6 Bg7 25. Qxg7# 1-0

[Event "Tournoi Skype 013B"]
[Site "Skype"]
[Date "????.??.??"]
[Round "5.21"]
[White "Bilsel, Sebahittin"]
[Black "Vincent, Andre"]
[Result "0-1"]
[WhiteElo "1150"]
[BlackElo "1343"]
[PlyCount "66"]

1. e4 c5 2. Nf3 Nc6 3. Bc4 g6 4. c3 Bg7 5. d4 cxd4 6. cxd4 d6 7. d5 Ne5 8. Nxe5
Bxe5 9. Qa4+ Bd7 10. Bb5 Bg7 11. Bxd7+ Qxd7 12. Qxd7+ Kxd7 13. Nc3 a6 14. O-O
Nf6 15. h3 Rhc8 16. f4 b5 17. a3 h5 18. Re1 Nh7 19. e5 e6 20. exd6 Bxc3 21.
bxc3 Rxc3 22. Bb2 Rc2 23. Rac1 Rxb2 24. Rc7+ Kxd6 25. Rxf7 Nf8 26. dxe6 Nxe6
27. Rf6 Re8 28. Rd1+ Ke7 29. Rxg6 Rf8 30. Rf1 Rxf4 31. Rxf4 Nxf4 32. Rg7+ Kf6
33. Rb7 Rxg2+ 0-1

[Event "Tournoi Skype 013B"]
[Site "Skype"]
[Date "????.??.??"]
[Round "5.22"]
[White "Lemoine, Gerard"]
[Black "Battaglia, Gabriele"]
[Result "0-1"]
[WhiteElo "1077"]
[BlackElo "1246"]
[PlyCount "78"]

1. d4 Nf6 2. e3 d5 3. c3 Bg4 4. Nf3 Nc6 5. Bd3 e5 6. O-O e4 7. Bc2 exf3 8. h3
fxg2 9. hxg4 gxf1=Q+ 10. Kxf1 Bd6 11. f4 O-O 12. g5 Ne4 13. Nd2 Re8 14. Qf3 g6
15. Nxe4 dxe4 16. Bxe4 Qd7 17. f5 Rf8 18. Qh3 Rae8 19. Ke2 Rxe4 20. Bd2 Qxf5
21. Rh1 Qxh3 22. Rxh3 f6 23. Kf3 f5 24. a3 Ne7 25. Ke2 Re8 26. b4 b5 27. Kd3
Nd5 28. c4 bxc4+ 29. Kxc4 Nxe3+ 30. Kb5 Nc2 31. Kc6 Nxd4+ 32. Kb7 Nc2 33. Kxa7
Bf4 34. Be1 Rxe1 35. Rb3 R1e3 36. Rb2 Nxa3 37. b5 Nc4 38. Rb4 Nd6 39. Ka6 Ra3+
0-1

[Event "Tournoi Skype 013B"]
[Site "Skype"]
[Date "????.??.??"]
[Round "5.24"]
[White "Rugman, Dan"]
[Black "Baker, Abi"]
[Result "1/2-1/2"]
[WhiteElo "1367"]
[BlackElo "1118"]
[PlyCount "55"]

1. e4 e6 2. d4 d5 3. Nc3 Bd7 4. Nf3 Nf6 5. Bd3 c5 6. Bg5 Be7 7. exd5 cxd4 8.
Ne2 Bb4+ 9. c3 dxc3 10. Nxc3 exd5 11. O-O Be7 12. Bxf6 gxf6 13. Nxd5 Bd6 14.
Re1+ Be6 15. Nd4 Bxh2+ 16. Kxh2 Qxd5 17. Nxe6 fxe6 18. Rxe6+ Qxe6 19. Qa4+ Nd7
20. Bb5 Qd6+ 21. Kg1 Rg8 22. Bxd7+ Qxd7 23. Re1+ Kd8 24. Rd1 Rg7 25. Rxd7+ Rxd7
26. Qh4 Rf7 27. Qd4+ Ke7 28. f4 1/2-1/2

[Event "Tournoi Skype 013B"]
[Site "Skype"]
[Date "????.??.??"]
[Round "5.25"]
[White "Ruiz Gomez, Luz Alba"]
[Black "Melin, Christiane"]
[Result "1-0"]
[WhiteElo "1193"]
[BlackElo "1236"]
[PlyCount "57"]

1. e4 e5 2. Nf3 d6 3. Bc4 Nc6 4. O-O Nf6 5. Re1 a5 6. c3 d5 7. exd5 Bg4 8. dxc6
bxc6 9. Rxe5+ Be7 10. d4 O-O 11. h3 Bd6 12. Re1 Re8 13. hxg4 Rxe1+ 14. Qxe1 Qe8
15. Qxe8+ Rxe8 16. Be3 Nxg4 17. g3 h5 18. Nbd2 c5 19. dxc5 Bxg3 20. fxg3 Nxe3
21. Re1 Kf8 22. Bb5 Re6 23. Ng5 Re5 24. Ndf3 Rxc5 25. Ba4 Rc4 26. Rxe3 Rxa4 27.
Nh7+ Kg8 28. Nfg5 Rg4 29. Re8# 1-0

[Event "Tournoi Skype 013B"]
[Site "Skype"]
[Date "????.??.??"]
[Round "5.26"]
[White "Coude, Josue"]
[Black "Mazzei, Lucrezia"]
[Result "1-0"]
[WhiteElo "1066"]
[BlackElo "1399"]
[PlyCount "47"]

1. e4 e5 2. Nf3 Nf6 3. Nc3 g6 4. Nxe5 d6 5. Nf3 Bg7 6. Bc4 O-O 7. d3 Nc6 8. Bg5
h6 9. Bh4 Qe8 10. Nd5 Nxd5 11. Bxd5 Bxb2 12. Rb1 Ba3 13. O-O Bg4 14. Rxb7 Bxf3
15. Qxf3 Nd4 16. Qd1 Qd8 17. Bxd8 Rfxd8 18. c3 Ne6 19. Qd2 Bc5 20. Qxh6 Nf4 21.
d4 g5 22. Qxg5+ Kf8 23. Qxf4 Re8 24. Qxf7# 1-0

[Event "Tournoi Skype 013B"]
[Site "Skype"]
[Date "????.??.??"]
[Round "5.27"]
[White "Pedneault, Anne-Frederique"]
[Black "Alverson, Ginny"]
[Result "0-1"]
[WhiteElo "1038"]
[BlackElo "1222"]
[PlyCount "28"]

1. e4 c5 2. Nf3 Nc6 3. Nc3 Nf6 4. d3 d5 5. e5 Ng4 6. h3 Ngxe5 7. Be2 Nxf3+ 8.
Bxf3 Bf5 9. Bg4 Bxg4 10. hxg4 d4 11. Ne4 e5 12. O-O Qh4 13. Nd6+ Bxd6 14. f4
exf4 0-1

[Event "Tournoi Skype 013B"]
[Site "Skype"]
[Date "????.??.??"]
[Round "5.28"]
[White "Paquay, Renaud"]
[Black "Talbot, Jean"]
[Result "0-1"]
[WhiteElo "1177"]
[BlackElo "1009"]
[PlyCount "28"]

1. c4 c5 2. Nf3 Nc6 3. d4 cxd4 4. Nxd4 e5 5. Nxc6 bxc6 6. e4 Nf6 7. Bd3 Bc5 8.
O-O O-O 9. Bd2 Bd4 10. Qb3 d6 11. Na3 Ba6 12. Bc3 Rb8 13. Bb4 c5 14. Ba5 Qxa5
0-1

[Event "Tournoi Skype 013B"]
[Site "Skype"]
[Date "????.??.??"]
[Round "5.29"]
[White "Lecluyse, Koenraad"]
[Black "Letourneau, Judith"]
[Result "1-0"]
[WhiteElo "1173"]
[BlackElo "1000"]
[PlyCount "45"]

1. d4 e6 2. e4 Nc6 3. Nf3 Bb4+ 4. c3 Ba5 5. Bb5 a6 6. Bxc6 bxc6 7. O-O Bb7 8.
Nbd2 c5 9. Re1 Bb6 10. Nb3 d5 11. e5 Ne7 12. dxc5 a5 13. cxb6 cxb6 14. a4 O-O
15. Ng5 h6 16. Nh3 Bc6 17. Qg4 Ng6 18. Nf4 Qf6 19. exf6 gxf6 20. Nxg6 fxg6 21.
Qxg6+ Kh8 22. Bxh6 Rae8 23. Qg7# 1-0

[Event "Tournoi Skype 013B"]
[Site "Skype"]
[Date "????.??.??"]
[Round "5.30"]
[White "Farthouat, Catherine"]
[Black "Armingaud, Jean-Claude"]
[Result "0-1"]
[WhiteElo "1018"]
[BlackElo "1150"]
[PlyCount "42"]

1. e4 e5 2. Nf3 Nf6 3. Nc3 Bb4 4. a3 Bc5 5. Bc4 O-O 6. O-O d6 7. d3 Bg4 8. h3
Bxf3 9. Qxf3 Nc6 10. Bg5 Nd4 11. Bxf6 Nxf3+ 12. gxf3 Qxf6 13. Nd5 Qd8 14. b4
Bd4 15. c3 c6 16. Ne3 Bxc3 17. Rab1 Bd4 18. Rfe1 Qg5+ 19. Ng4 Qh4 20. Kh2 Bxf2
21. Nxf2 Qxf2+ 0-1

[Event "Tournoi Skype 013B"]
[Site "Skype"]
[Date "????.??.??"]
[Round "5.31"]
[White "Rival, Jocelyn"]
[Black "Marty, Yvette"]
[Result "1-0"]
[WhiteElo "1071"]
[BlackElo "1000"]
[PlyCount "59"]

1. e4 e5 2. Nf3 Nc6 3. Bb5 Nf6 4. d3 d6 5. c4 Bg4 6. h3 Be7 7. O-O O-O 8. Be3
Bd7 9. Bg5 a6 10. Ba4 b5 11. Bb3 Na5 12. Bc2 bxc4 13. d4 Nxe4 14. Bxe4 Bxg5 15.
Nbd2 Rb8 16. Rb1 Qf6 17. d5 Nb7 18. Nxc4 Nc5 19. Bc2 Rfe8 20. h4 Bf4 21. b4 Ne4
22. Qd3 Ng3 23. Qxh7+ Kf8 24. fxg3 Bf5 25. Bxf5 Ke7 26. gxf4 exf4 27. Rfe1+ Kd8
28. Na5 Rxe1+ 29. Rxe1 Qc3 30. Qh8# 1-0

[Event "Tournoi Skype 013B"]
[Site "Skype"]
[Date "????.??.??"]
[Round "5.32"]
[White "Lequeux, Pierre"]
[Black "Gagnon, Sindy"]
[Result "1-0"]
[WhiteElo "1232"]
[BlackElo "1000"]
[PlyCount "63"]

1. d4 Nf6 2. Nf3 e6 3. a3 Be7 4. e3 O-O 5. Bd3 d5 6. Nc3 c6 7. Bd2 Qc7 8. g3
Nbd7 9. Ne5 Nxe5 10. dxe5 Qxe5 11. O-O b5 12. b4 c5 13. Rb1 cxb4 14. axb4 Rd8
15. Re1 d4 16. exd4 Rxd4 17. Rxe5 Bd6 18. Rxb5 e5 19. Be3 Rxb4 20. Ra5 Rb6 21.
Bxb6 axb6 22. Rxa8 Ne8 23. Rxc8 Kf8 24. Bb5 Ke7 25. Rxe8+ Kf6 26. Qf3+ Kg6 27.
Bd3+ e4 28. Bxe4+ Kh6 29. Qd1 g5 30. Qxd6+ Kg7 31. Qf8+ Kf6 32. Nd5# 1-0

[Event "Tournoi Skype 013B"]
[Site "Skype"]
[Date "????.??.??"]
[Round "5.33"]
[White "Wible, Annie"]
[Black "Kruk, Clementine"]
[Result "0-1"]
[WhiteElo "1199"]
[BlackElo "1199"]
[PlyCount "46"]

1. e4 e5 2. c4 Nf6 3. Nf3 Nc6 4. g3 Bc5 5. Bg2 d6 6. O-O Bg4 7. Nc3 O-O 8. d3
Nd4 9. Be3 Nxf3+ 10. Bxf3 Bxf3 11. Qxf3 Bxe3 12. Qxe3 Ng4 13. Qe2 Qd7 14. Rfe1
Rad8 15. Nd5 Rfe8 16. f3 c6 17. Nf4 exf4 18. fxg4 fxg3 19. hxg3 d5 20. cxd5
cxd5 21. b3 dxe4 22. dxe4 Qd2 23. Qa6 bxa6 0-1

[Event "Tournoi Skype 013B"]
[Site "Skype"]
[Date "????.??.??"]
[Round "6.1"]
[White "Yardimci, Ertan"]
[Black "Duthoit, Bernard"]
[Result "1/2-1/2"]
[WhiteElo "1300"]
[BlackElo "1428"]
[PlyCount "106"]

1. e4 e6 2. d4 d5 3. Nc3 c5 4. Nf3 cxd4 5. Nxd4 Bc5 6. exd5 exd5 7. Bb5+ Nc6 8.
Nxc6 bxc6 9. Bxc6+ Bd7 10. Bxa8 Qxa8 11. Qxd5 Qxd5 12. Nxd5 Bc6 13. Nf4 Nf6 14.
O-O O-O 15. Nd3 Bb6 16. Bf4 h6 17. Rfe1 Ne4 18. Be3 Bxe3 19. Rxe3 Nd2 20. Ne5
Bb7 21. Rd1 Rd8 22. Rde1 Ne4 23. Nd3 f5 24. f3 Nd6 25. Re7 Kf8 26. Nc5 Ne4 27.
Rxb7 Nxc5 28. Rxa7 Rd2 29. b4 Nd7 30. Re7 Kxe7 31. c4 Rd4 32. c5 Rc4 33. Rc7
Kd8 34. Rb7 Kc8 35. Ra7 Rxb4 36. c6 Ne5 37. Rxg7 Nxc6 38. Rg6 Ne7 39. Rxh6 Rb1+
40. Kf2 Rb2+ 41. Kg3 Rxa2 42. Rd6 Ra4 43. h4 Ra5 44. Kf4 Kc7 45. Rh6 Kd7 46. g4
fxg4 47. fxg4 Ra8 48. g5 Rf8+ 49. Ke5 Rf5+ 50. Ke4 Rf1 51. Rf6 Re1+ 52. Kf3
Rf1+ 53. Ke4 Re1+ 1/2-1/2

[Event "Tournoi Skype 013B"]
[Site "Skype"]
[Date "????.??.??"]
[Round "6.2"]
[White "Maneval, Dustin"]
[Black "De Coninck, Philippe"]
[Result "1-0"]
[WhiteElo "1436"]
[BlackElo "1419"]
[PlyCount "77"]

1. e4 e5 2. d3 Nf6 3. f4 Nc6 4. Ne2 Bc5 5. Nd2 d5 6. fxe5 Nxe5 7. Nb3 Bb6 8. d4
Nc6 9. e5 Ne4 10. g3 O-O 11. Bg2 f6 12. exf6 Qxf6 13. Rf1 Qd8 14. Rxf8+ Qxf8
15. Be3 Bg4 16. Nd2 Nxd2 17. Bxd5+ Kh8 18. Qxd2 Bxe2 19. Kxe2 Re8 20. c3 Na5
21. b4 Nc6 22. a4 a5 23. b5 Ne7 24. Bxb7 Nf5 25. Rf1 Qf7 26. Kd3 Qe6 27. Bf4 c6
28. Bxc6 Rc8 29. Re1 Qb3 30. Bd7 Qc4+ 31. Ke4 Rd8 32. Bxf5 Qd5+ 33. Ke3 Qxf5
34. Be5 Rf8 35. Qe2 Bd8 36. h4 Bf6 37. g4 Qe6 38. Kd2 Bxh4 39. Bxg7+ 1-0

[Event "Tournoi Skype 013B"]
[Site "Skype"]
[Date "????.??.??"]
[Round "6.3"]
[White "Hernandez, George"]
[Black "Talbot, Jacques"]
[Result "1-0"]
[WhiteElo "1399"]
[BlackElo "1436"]
[PlyCount "33"]

1. e4 e5 2. Nf3 d6 3. Bc4 h6 4. c3 Nf6 5. d3 Be7 6. O-O O-O 7. h3 Nc6 8. Nbd2
Bd7 9. Nh4 Nxe4 10. Nxe4 Bxh4 11. d4 exd4 12. cxd4 Re8 13. Re1 Bf6 14. Qh5 Be6
15. d5 Na5 16. dxe6 fxe6 17. Qxa5 1-0

[Event "Tournoi Skype 013B"]
[Site "Skype"]
[Date "????.??.??"]
[Round "6.4"]
[White "Perrone, Gabriel Lorenzo"]
[Black "Ali, Mohammad"]
[Result "0-1"]
[WhiteElo "1399"]
[BlackElo "1399"]
[PlyCount "114"]

1. d4 Nf6 2. Nf3 Nc6 3. c4 e5 4. dxe5 Ng4 5. Bf4 Bb4+ 6. Nc3 f6 7. exf6 Qxf6 8.
e3 Bxc3+ 9. bxc3 Qxc3+ 10. Nd2 d6 11. Be2 Nb4 12. O-O Nh6 13. Rc1 Qf6 14. Qa4+
Nc6 15. c5 Bd7 16. Qe4+ Qe7 17. cxd6 cxd6 18. Bxd6 Qxe4 19. Nxe4 Bf5 20. Nc5 b6
21. Bf3 Rc8 22. Ne4 Nf7 23. Bf4 O-O 24. Nd6 Nxd6 25. Bxd6 Rfd8 26. Rfd1 Nd4 27.
Rxc8 Nxf3+ 28. gxf3 Rxc8 29. e4 Be6 30. a3 Kf7 31. Kg2 Rd8 32. e5 Bf5 33. f4 a5
34. Rc1 Rd7 35. Rc6 Be4+ 36. f3 Bxc6 37. Kg3 Ke6 38. f5+ Kxf5 39. h4 Rxd6 40.
exd6 b5 41. h5 b4 42. axb4 axb4 43. Kf2 b3 44. Ke3 Ke6 45. Kd3 Bxf3 46. Kc3
Bxh5 47. Kxb3 Kxd6 48. Kc2 g5 49. Kd2 Ke5 50. Ke1 Kf4 51. Kf2 Bf3 52. Kg1 h5
53. Kh2 g4 54. Kg1 h4 55. Kh2 g3+ 56. Kg1 h3 57. Kf1 h2 0-1